Statistiques concernant Quizz Zamdane (RAP FR)

Cliquez ici pour prendre le quiz!

Statistiques générales

  • Ce quiz a été pris 138 fois
  • Le résultat moyen est 10 sur 21

Statistiques - réponses

HintRéponse% Correct
ft. J9uveSans toi
86%
Clip sur une plageLe monde par ma fenêtre
75%
nom du chien de ZamdaneBoyka
72%
Série de chiffres1,2,3,4
64%
ft. Jazzy BazzFauves
64%
"J'comprends qu'ils comprennent pas"Triste mais elle aime ça
59%
"c'était changer sa vie"tout ce qu'il voulait
56%
ft. Rim'kCicatrice
54%
Beaucoup de personne ont connu Zam sur ce sonHayati
53%
ZeldaMOB
53%
Kurt cobainpoussière
47%
"J'ai l'impression d'être..."vide quand t'es pas la
46%
Ghost killer TrackUn jour
43%
"Maman m'a dit qu'j'étais un diamant"Ma réalité
38%
StromaeFormidable
34%
Intro de la cigaleSoleil de ma vie
34%
"Zaidane, tu vis"Angels
33%
ft. caballero & JeanJassPièces manquantes
33%
Clip dans une voitureUne éternité ne suffit pas
33%
Fumigène cigaleBataille
28%
"On s'est déchiré combien de fois ?"BALLAD
20%

Distribution des résultats

Percentile par nombre de réponses

% des personnes avec chaque résultat

Votre développement - résultats

Vous n’avez pas pris ce quiz